|
|
|
|
| LEADER |
00000cam a2200000 7i4500 |
| 001 |
0000078095 |
| 005 |
20180124.0 |
| 008 |
180124 |
| 020 |
|
|
|a 9831081153 (set)
|
| 020 |
|
|
|a 9831081218
|
| 090 |
0 |
0 |
|a AD
|b MAL
|
| 100 |
1 |
|
|a Alwi Abd.Bakar
|
| 245 |
1 |
0 |
|a Antara api dan bara
|c Alwi Abd.Bakar
|
| 260 |
|
|
|a Selangor :
|b Choca enterprise ,
|c 2000
|
| 490 |
1 |
|
|a Siri measat
|
| 999 |
|
|
|a 0000797738
|b Book
|c Children Collection
|e Cawangan Segamat
|
| 999 |
|
|
|a 0000799839
|b Book
|c Children Collection
|e Cawangan Pontian
|
| 999 |
|
|
|a 0000817066
|b Book
|c Children Collection
|e Cawangan Mersing
|
| 999 |
|
|
|a 0000817543
|b Book
|c Children Collection
|e Cawangan Bandar Penawar
|